| 000 | 00386nam a2200145Ia 4500 | ||
|---|---|---|---|
| 008 | 241211s9999||||xx |||||||||||||| ||und|| | ||
| 020 | _a9789361599743 | ||
| 082 |
_a658.8 _bGUP/M |
||
| 100 | _aGupta,Prachi | ||
| 245 | 0 | _aMarketing Management Indian Cases | |
| 250 | _a2nd Edition | ||
| 260 |
_aNoida _bPearson India Education Services Pvt. Ltd. _c2024 |
||
| 300 | _a23.6 | ||
| 942 | _cBK | ||
| 999 |
_c47686 _d47686 |
||